HANNAH MONTANA (Record no. 2323)
[ view plain ]
| 000 -LEADER | |
|---|---|
| fixed length control field | 00648nam a22001457a 4500 |
| 020 ## - INTERNATIONAL STANDARD BOOK NUMBER | |
| ISBN | 978-1-4075-2321-7 |
| 082 ## - DEWEY DECIMAL CLASSIFICATION NUMBER | |
| Classification number | 823 |
| Item number | POR/H |
| 100 ## - MAIN ENTRY--AUTHOR NAME | |
| Personal name | PORYES, MICHAEL |
| 245 ## - TITLE STATEMENT | |
| Title | HANNAH MONTANA |
| Remainder of title | SEEING GREEN |
| 260 ## - PUBLICATION, DISTRIBUTION, ETC. (IMPRINT) | |
| Place of publication | UNITED KINGDOM |
| Name of publisher | PARRAGON |
| Year of publication | 2008 |
| 300 ## - PHYSICAL DESCRIPTION | |
| Number of Pages | 142 |
| 520 ## - SUMMARY, ETC. | |
| Summary, etc | Ever since Jake Ryan started acting on the TV show, Zombie High, Miley thinks he's become a huge egomaniac. So when he invites Miley to the school Seventies Dance, she says no. Then Hannah Montana guest stars on Jake's show, and Miley realizes she might have been wrong about her former crush—but is it too late? |
| 650 ## - SUBJECT ADDED ENTRY--TOPICAL TERM | |
| Topical Term | NOVELS |
| Geographic subdivision | UNITED KINGDOM |
| 942 ## - ADDED ENTRY ELEMENTS (KOHA) | |
| Koha item type | Books |
| Withdrawn status | Lost status | Collection code | Home library | Current library | Shelving location | Date acquired | Source of acquisition | Full call number | Accession Number | Koha item type | Cost, normal purchase price |
|---|---|---|---|---|---|---|---|---|---|---|---|
| Fiction | Main Library | Main Library | SHELF 1-J-ENGLISH NOVELS FOR TEACHERS | 22/03/2014 | purchase | 823 POR/H | 08086 | Books | |||
| Fiction | Main Library | Main Library | SHELF 1-J-ENGLISH NOVELS FOR TEACHERS | 12/03/2014 | purchase | 823 POR/H | 07646 | Books | 40.00 | ||
| Fiction | Main Library | Main Library | SHELF 1-J-ENGLISH NOVELS FOR TEACHERS | 12/03/2014 | purchase | 823 POR/H | 07641 | Books | 40.00 |